| 000 | 00488nam a2200169Ia 4500 | ||
|---|---|---|---|
| 999 |
_c27754 _d27754 |
||
| 003 | OSt | ||
| 005 | 20211028140901.0 | ||
| 008 | 190216s9999||||xx |||||||||||||| ||und|| | ||
| 040 | _coclc | ||
| 082 |
_a894.8123 _bGHA/S |
||
| 100 |
_aGhathri, Durga Prasad _98873 |
||
| 245 | 0 |
_aSwargapuri / _cDurga Prasad Ghathri |
|
| 260 |
_bC I C C Book House, _aErnakulam: |
||
| 300 | _a197p | ||
| 650 | _aMalayalam Novel | ||
| 942 |
_cBK _2ddc _h894.8123 _iGHA/S _k894.8123 _mGHA/S |
||